LEADER 00894nam0-22003251i-450- 001 990003745330403321 005 20001010 010 $a0-8039-1316-8 035 $a000374533 035 $aFED01000374533 035 $a(Aleph)000374533FED01 035 $a000374533 100 $a20001010d--------km-y0itay50------ba 101 0 $aita 105 $ay-------001yy 200 1 $aPrime-Time Television$eContent and Control$fMuriel G. Cantor 210 $aBeverly Hills$cSAGE$dc1980 215 $a143 p.$d22 cm 225 1 $a<>Sage commtext seriea$v3 610 0 $aTELEVISIONE$aStati Uniti 676 $a302.23450973 700 1$aCantor,$bMuriel G.$0142065 801 0$aIT$bUNINA$gRICA$2UNIMARC 901 $aBK 912 $a990003745330403321 952 $a302.23450973 CAN 2$b2389$fBFS 959 $aBFS 996 $aPrime-Time Television$9509521 997 $aUNINA DB $aING01 LEADER 02664oam 2200577I 450 001 9910463034403321 005 20191030193401.0 010 $a0-203-78055-8 010 $a1-134-91070-3 024 7 $a10.4324/9780203780558 035 $a(CKB)2670000000359128 035 $a(EBL)1195687 035 $a(SSID)ssj0000887258 035 $a(PQKBManifestationID)12446373 035 $a(PQKBTitleCode)TC0000887258 035 $a(PQKBWorkID)10840277 035 $a(PQKB)11029149 035 $a(MiAaPQ)EBC1195687 035 $a(Au-PeEL)EBL1195687 035 $a(CaPaEBR)ebr10714845 035 $a(CaONFJC)MIL493655 035 $a(OCoLC)844923053 035 $a(OCoLC)847141425 035 $a(EXLCZ)992670000000359128 100 $a20180706d2004 uy 0 101 0 $aeng 135 $aur|n|---||||| 181 $ctxt 182 $cc 183 $acr 200 10$aDisgust $ethe gatekeeper emotion /$fSusan B. Miller 210 1$aHillsdale, N.J. :$cAnalytic Press,$d2004. 215 $a1 online resource (224 p.) 300 $aDescription based upon print version of record. 311 $a1-138-00575-4 311 $a0-88163-387-9 320 $aIncludes bibliographical references (p. 197-203) and index. 327 $ach. 1. Entering the world of disgust -- ch. 2. The body and mind of disgust -- ch. 3. Nature and its excesses -- ch. 4. Varieties of disgust -- ch. 5. Disgust syndromes -- ch. 6. Sex, procreation, and human intimacy -- ch. 7. Disgust within family groups -- ch. 8. The artistically or scientifically creative individual and freedom from disgust -- ch. 9. Group identities and hostility across borders : affairs of ethnicities, classes, and sects -- ch. 10. Disgust and horror -- ch. 11. Concepts of disease and health -- ch. 12. Final comments. 330 $aThe Shame Experience [TAP, 1985/1993pbk]; Shame in Context [TAP, 1996]), now turns to disgust, an intriguing emotion that has received little attention in the professional literature. For Miller, the psychological study of disgust revolves around boundary issues: We tend to feel disgusted about things (from bodily processes to decaying organic matter to ethnic attributes of ""foreign"" people) that lie on the border between our sense of self and nonself or between our sense of ""good self"" and ""bad self."" Mill 606 $aAversion 608 $aElectronic books. 615 0$aAversion. 676 $a152.4 700 $aMiller$b Susan B$g(Susan Beth),$0894107 801 0$bMiAaPQ 801 1$bMiAaPQ 801 2$bMiAaPQ 906 $aBOOK 912 $a9910463034403321 996 $aDisgust$91997273 997 $aUNINA